Statistics for Guess the mystery categories #6

Click here to take the quiz!

General Stats

  • This quiz has been taken 1,094 times
  • The average score is 16 of 40

Answer Stats

HintAnswer% Correct
7Bonnie's partner in crimeClyde
91%
2CategoryTypes of dance
82%
4Capital of New ZealandWellington
80%
8Creature on the Welsh flagDragon
79%
1A cruel provocateur on the internetTroll
78%
2'F' in the NATO phonetic alphabetFoxtrot
75%
4What Britons call the trunk of a carBoot
73%
2Spanish word for sauceSalsa
72%
2Americans call it a 'faucet'Tap
71%
7The red TeletubbyPo
68%
8Aviophobia is a fear of...Flying
63%
3A landform formed by sedimentation at the mouth of a riverDelta
62%
4CategoryTypes of shoes
61%
3The shortest wavelength electromagnetic radiationGamma
55%
8Film starring Patrick SwayzeGhost
55%
3CategoryGreek Letters
46%
2Capital of West VirginiaCharleston
45%
6Greedy child who went up the pipeAugustus
41%
6Italian for blackNero
38%
5Better, or higher upSuperior
34%
7CategoryRivers
34%
5Lilongwe is its capitalMalawi
32%
4Stage, podium or daisPlatform
32%
3Evil Time-Lord engineer from Doctor WhoOmega
30%
5CategoryLakes
28%
6CategoryRoman Emperors
28%
3A very tiny fragment, corpuscle or thingIota
27%
1A famous New York hotelWaldorf
25%
1'Zhōngguó' is the Chinese word for what?China
18%
7A Squamate, Chinese Zodiac signSnake
16%
4To siphon or impel fluidsPump
12%
8Plant of the Poaceae familyGrass
9%
7Country with first woman presidentArgentina
9%
1CategoryTypes of doll
7%
8CategoryPokémon types
6%
5The princess ant from 'Antz'Bala
5%
6Type of raised wooden Chinese sandalGeta
5%
1To tease or poke fun ofRag
5%
5Great queen of GeorgiaTamar
4%
6German physiologist and painter Carl Gustav...Carus
3%

Score Distribution

Percentile by Number Answered

Percent of People with Each Score

Your Score History

You have not taken this quiz